000 01266nam a2200313Ia 4500
001 ebr10685230
003 CaPaEBR
006 m u
007 cr cn|||||||||
008 130122s2013 ilu sb 001 0 eng d
010 _z 2013002773
020 _z9781613745809
020 _z9781613745793
040 _aCaPaEBR
_cCaPaEBR
035 _a(OCoLC)846993534
050 1 4 _aKF373.B3465
_bG53 2013eb
082 0 4 _a340.092
_aB
_223
100 1 _aGladstone, B. James.
245 1 4 _aThe man who seduced Hollywood
_h[electronic resource] :
_bthe life and loves of Greg Bautzer, tinseltown's most powerful lawyer /
_cB. James Gladstone.
260 _aChicago, Illinois :
_bChicago Review Press,
_cc2013.
300 _axv, 332 p.
504 _aIncludes bibliographical references and index.
533 _aElectronic reproduction.
_bPalo Alto, Calif. :
_cebrary,
_d2013.
_nAvailable via World Wide Web.
_nAccess may be limited to ebrary affiliated libraries.
600 1 0 _aBautzer, Greg
_q(Gregson Edward)
650 0 _aLawyers
_zUnited States
_xBiography.
655 7 _aElectronic books.
_2local
710 2 _aebrary, Inc.
856 4 0 _uhttp://site.ebrary.com/lib/rucke/Doc?id=10685230
_zAn electronic book accessible through the World Wide Web; click to view
999 _c30427
_d30427